| 000 -LEADER |
| fixed length control field |
02435cam a2200457 i 4500 |
| 001 - CONTROL NUMBER |
| control field |
20434413 |
| 005 - DATE AND TIME OF LATEST TRANSACTION |
| control field |
20221105215231.0 |
| 008 - FIXED-LENGTH DATA ELEMENTS--GENERAL INFORMATION |
| fixed length control field |
180405s2017 nyua b 001 0 eng c |
| 010 ## - LIBRARY OF CONGRESS CONTROL NUMBER |
| LC control number |
2018300122 |
| 016 7# - NATIONAL BIBLIOGRAPHIC AGENCY CONTROL NUMBER |
| Record control number |
101703840 |
| Source |
DNLM |
| 020 ## - INTERNATIONAL STANDARD BOOK NUMBER |
| International Standard Book Number |
9781259834400 1 |
| Qualifying information |
(pbk. : acid-free paper) |
| 020 ## - INTERNATIONAL STANDARD BOOK NUMBER |
| International Standard Book Number |
1259834409 |
| Qualifying information |
(acid-free paper) |
| 035 ## - SYSTEM CONTROL NUMBER |
| System control number |
(OCoLC)ocn948547621 |
| 041 ## - LANGUAGE CODE |
| Language code of text/sound track or separate title |
eng |
| 042 ## - AUTHENTICATION CODE |
| Authentication code |
pcc |
| 080 ## - UNIVERSAL DECIMAL CLASSIFICATION NUMBER |
| Universal Decimal Classification number |
616.8 B-46 |
| 082 00 - DEWEY DECIMAL CLASSIFICATION NUMBER |
| Edition number |
|
| 100 1# - MAIN ENTRY--PERSONAL NAME |
| Personal name |
Berkowitz, Aaron, |
| Dates associated with a name |
1978- |
| Relator term |
author. |
| 9 (RLIN) |
9184 |
| 245 10 - TITLE STATEMENT |
| Title |
Clinical neurology and neuroanatomy : |
| Remainder of title |
a localization-based approach / |
| Statement of responsibility, etc. |
Aaron L. Berkowitz, MD, PhD, Assistant Professor of Neurology, Harvard Medical School, Brigham and Women's Hospital, Boston, Massachusetts. |
| 264 #1 - PRODUCTION, PUBLICATION, DISTRIBUTION, MANUFACTURE, AND COPYRIGHT NOTICE |
| Place of production, publication, distribution, manufacture |
New York : |
| Name of producer, publisher, distributor, manufacturer |
McGraw-Hill Education, |
| Date of production, publication, distribution, manufacture, or copyright notice |
[2017] |
| 300 ## - PHYSICAL DESCRIPTION |
| Extent |
xiii, 322 pages : |
| Other physical details |
illustrations (some color) ; |
| Dimensions |
28 cm |
| 336 ## - CONTENT TYPE |
| Content type term |
text |
| Source |
rdacontent |
| 337 ## - MEDIA TYPE |
| Media type term |
unmediated |
| Media type code |
n |
| Source |
rdamedia |
| 338 ## - CARRIER TYPE |
| Carrier type term |
volume |
| Carrier type code |
cr |
| Source |
rdacarrier |
| 500 ## - GENERAL NOTE |
| General note |
"A Lange medical book." |
| 504 ## - BIBLIOGRAPHY, ETC. NOTE |
| Bibliography, etc. note |
Includes bibliographical references and index. |
| 520 ## - SUMMARY, ETC. |
| Summary, etc. |
Clinical Neurology and Neuroanatomy delivers a clear, logical discussion of the complex relationship between neuroanatomical structure and function and neurologic disease. Written in an engagin, concise style, this unique text offers a succint overview of fundamental neuroanatomy and the clincal localization principles necessary to diagnose and treat patients with neurologic diseases. Unlike other neurology textbooks that either focus on neuroanatomy or clincal neurology, Clincal Neurology and Neuroanatomy integrates the two in a manner which simulates the way neurologists learn, teach, and think.-- |
| Assigning source |
Provided by publisher. |
| 650 #0 - SUBJECT ADDED ENTRY--TOPICAL TERM |
| Topical term or geographic name entry element |
Neuroanatomy. |
| 9 (RLIN) |
8504 |
| 650 #0 - SUBJECT ADDED ENTRY--TOPICAL TERM |
| Topical term or geographic name entry element |
Neurology. |
| 9 (RLIN) |
8711 |
| 650 12 - SUBJECT ADDED ENTRY--TOPICAL TERM |
| Topical term or geographic name entry element |
Nervous System |
| General subdivision |
anatomy & histology. |
| Authority record control number or standard number |
https://id.nlm.nih.gov/mesh/D009420Q000033 |
| 9 (RLIN) |
9185 |
| 650 12 - SUBJECT ADDED ENTRY--TOPICAL TERM |
| Topical term or geographic name entry element |
Nervous System Diseases. |
| Authority record control number or standard number |
https://id.nlm.nih.gov/mesh/D009422 |
| 9 (RLIN) |
9186 |
| 650 #7 - SUBJECT ADDED ENTRY--TOPICAL TERM |
| Topical term or geographic name entry element |
Neuroanatomy. |
| Source of heading or term |
fast |
| Authority record control number or standard number |
(OCoLC)fst01036307 |
| 9 (RLIN) |
8504 |
| 650 #7 - SUBJECT ADDED ENTRY--TOPICAL TERM |
| Topical term or geographic name entry element |
Neurology. |
| Source of heading or term |
fast |
| Authority record control number or standard number |
(OCoLC)fst01036390 |
| 9 (RLIN) |
8711 |
| 653 ## - INDEX TERM--UNCONTROLLED |
| keyword |
მედიცინა |
| 653 ## - INDEX TERM--UNCONTROLLED |
| keyword |
ნეონატალოგია |
| 653 ## - INDEX TERM--UNCONTROLLED |
| keyword |
მედიცინა |
| 653 ## - INDEX TERM--UNCONTROLLED |
| keyword |
ნეიროლოგია |
| 906 ## - LOCAL DATA ELEMENT F, LDF (RLIN) |
| a |
7 |
| b |
cbc |
| c |
pccadap |
| d |
2 |
| e |
ncip |
| f |
20 |
| g |
y-gencatlg |
| 942 ## - ADDED ENTRY ELEMENTS (KOHA) |
| Source of classification or shelving scheme |
|
| Koha item type |
წიგნი |